• 首页
  • 本馆介绍
  • 公告通知
  • 最新文献
  • 馆藏检索
  • 电子资源
  • 读者导购
  • 参考咨询
  • 我的图书馆
  • 登录
  • 详细信息显示
  • 放入我的书架
  • 预约/预借图书
  • 作者相关作品
  • 分类相关作品
  • 丛书相关作品
  • 出版社相关作品

书目信息

  • 表格格式
  • 工作单格式
  • 卡片格式
题名:
汉德大词典
    
 
作者: 富克森 , W 主编 ;张鸿刚 , 石凯民 编辑
分册:  
出版信息: 北京   外文出版社  2001
页数: 1514页
开本: 24cm
丛书名:
单 册:
中图分类: H336
科图分类:
主题词: 汉语--德语--词典 , 汉语 , 德语 , 词典
电子资源:
ISBN: 7-119-01864-7
000 01032nam0 2200325 450
001 (011001)c2001079585
005 20070805095747.31
009 (011001)c2001079585
010    @a7-119-01864-7@b精装@dCNY148.00
035    @a(011001)c2001079585
100    @a20010928e20062001ekmy0chiy0110 ea
101 0  @achi@ager
102    @aCN@b110000
105    @ay e 000yy
106    @ar
200 1  @a汉德大词典@Ahan de da ci dian@f(德)富克森(Fuchsenberger,W.)主编@F( de ) fu ke sen (Fuchsenberger,W.) zhu bian@g张鸿刚,石凯民编辑@Gzhang hong gang, shi kai min bian ji
210    @a北京@c外文出版社@d2001@h2006重印
215    @a1514页@d24cm
510 1  @aChinesisch-Deutsches Universaworterbuch@zger
606 0  @a汉语@x德语@j词典
606 0  @a汉语
606 0  @a德语
606 0  @a词典
690    @aH336@v4
701  1 @a富克森@Afu ke sen@4主编
701  1 @aW@bFuchsenberger@4主编
702  0 @a张鸿刚@Azhang hong gang@4编辑
702  0 @a石凯民@Ashi kai min@4编辑
801  0 @aCN@bNLC@c20070805
905    @dH336@e179@f1
    
    汉德大词典/(德)富克森(Fuchsenberger,W.)主编/张鸿刚,石凯民编辑.-北京:外文出版社,2001(2006重印)
    1514页;24cm
    
    
    ISBN 7-119-01864-7(精装):CNY148.00
    
●
相关链接 在E读中查询图书 在五车中查询图书 在当当中查询图书 在豆瓣中查询图书


正题名:汉德大词典     索取号:H336/179         预约/预借

序号 登录号 条形码 馆藏地/架位号 状态 备注
1 0852394   208523944   第二样本阅览室/ [索取号:H336/179] 在馆    
唐山师范学院图书馆 欢迎您!
大连网信软件有限公司© 版权所有